000 00433nam a2200169 4500
005 20260108152508.0
008 260108b |||||||| |||| 00| 0 eng d
020 _a978-81-8322-509-0
041 _aEnglish
082 _aX 158.1 MUR
_bB12135
100 _aMurphy, Joseph
245 _aBelive in Yourself
260 _aBhopal
_bManjul Publishing House
_c2025
300 _a73p.
_bpb
365 _aRupaye
_b106.44
_cINR
942 _cBK
999 _c369783
_d369783